Lester,James P. (Record no. 2058)
[ view plain ]
| 000 -LEADER | |
|---|---|
| fixed length control field | 00368nam a2200133Ia 4500 |
| 008 - FIXED-LENGTH DATA ELEMENTS--GENERAL INFORMATION | |
| fixed length control field | 151015s9999 xx 000 0 und d |
| 020 ## - INTERNATIONAL STANDARD BOOK NUMBER | |
| International Standard Book Number | 534550088 |
| 050 ## - LIBRARY OF CONGRESS CALL NUMBER | |
| Classification number | H 97 .L473 2000 |
| 245 ## - TITLE STATEMENT | |
| Title | Lester,James P. |
| 250 ## - EDITION STATEMENT | |
| Edition statement | _Public policy an evolutionary approach James P.Lester |
| 260 ## - PUBLICATION, DISTRIBUTION, ETC. (IMPRINT) | |
| Place of publication, distribution, etc. | 2nd ed. |
| 300 ## - PHYSICAL DESCRIPTION | |
| Extent | Belmont Wadsworth 2000 |
| 500 ## - GENERAL NOTE | |
| General note | Includes index. |
No items available.